Creating killer web sites : the art of third-generation site design

Αποθηκεύτηκε σε:
Λεπτομέρειες βιβλιογραφικής εγγραφής
Κύριος συγγραφέας: Siegel, David, 1959-
Μορφή: Βιβλίο
Γλώσσα:English
Δημοσίευση: Indianapolis, Ind. : Hayden books, c1997.
Έκδοση:2nd ed.
Θέματα:
Ετικέτες: Προσθήκη ετικέτας
Δεν υπάρχουν, Καταχωρήστε ετικέτα πρώτοι!

MARC

LEADER 00000cam a2200000 i 4500
001 1/95302
008 000323s1997 inu| | | |||| ||eng||
020 |a 1568304331 
035 |l 10055252 
040 |a GR-MyUa  |b gre  |e AACR2 
041 0 |a eng 
082 7 |a 006.6776   |2 (22) 
100 1 |a Siegel, David,   |d 1959- 
245 1 0 |a Creating killer web sites :   |b the art of third-generation site design /   |c David Siegel. 
250 |a 2nd ed. 
260 |a Indianapolis, Ind. :   |b Hayden books,   |c c1997. 
300 |a xi, 305 σ. :   |b εικ. ;   |c 26 εκ. 
500 |a Περιλαμβάνει ευρετήριο. 
650 0 |a Web sites  |x Design. 
852 |a INST  |b SAMOS  |e 20000323  |h 006.6776 SIE  |p 005300016468  |q 005300016468  |t BK  |y 0 
901 |a BIBL3-2000-1 
922 |a 3ΕΛΗ  |b 199911  |c ΤΠΕΣ  |d ΠΑΠΑΣΩΤΗΡΙΟΥ 
950 |a 133-1999-07-20 
970 |a ΓΕΝΟΥΖΟΥ  |b ΧΡΥΣΑΝΘΗ  |z 2000/03/23